Dans quel pays arrivez-vous ? - Statistiques

Statistiques générales
  • Ce quiz a été pris 495 fois
  • Le résultat moyen est 28 sur 34
Statistiques - réponses
question réponse % Correct
Dirigez-vous au sud-ouest et franchissez les Pyrénées, vous arrivez en... Espagne
98%
Allez au sud du pays et franchissez le détroit de Gibraltar, vous voilà au... Maroc
98%
Dirigez-vous vers l'est du pays, vous arrivez dans le plus grand pays d'Afrique, l'... Algérie
97%
Dirigez-vous encore vers l'est, vous arrivez dans le Darfour, vous êtes alors au... Soudan
90%
Continuez vers l'est, vous voilà dans le 2e pays le plus peuplé, c'est à dire l'... Inde
86%
Dirigez-vous vers le sud, prenez l'Eurostar et vous voilà dans le pays qui occupe le plus de fuseaux horaires (grâce à ses territoires outre-mer). Vous êtes de retour en... France
85%
Dirigez-vous à l'est, vous voilà au pays des safaris, c'est le... Kenya
85%
Dirigez vous à l'extrême nord du pays en suivant le Mekong, vous arrivez dans le pays le plus peuplé au monde, c'est la... Chine
84%
Allez au sud-est, traversez le Hoggar, vous arrivez dans le désert du Ténéré. Vous êtes alors au... Niger
84%
Traversez le pays en direction du nord, vous arrivez dans le pays le plus vaste de la planète, c'est la... Russie
84%
Dirigez-vous vers l'est et passez la frontière, vous êtes à présent à l'extrémité orientale de la Corne de l'Afrique, vous êtes en... Somalie
84%
Dirigez-vous vers l'est, vous entrez dans le massif du Tibesti au... Tchad
84%
Allez au sud et entrez dans la République créée en 2011 (capitale : Djouba), vous êtes au... Soudan du sud
83%
Remontez vers le nord, vous arrivez dans le 2e pays d'Afrique par sa population (derrière le Nigéria), vous voilà en... Ethiopie
82%
Traversez la Mer de Java vers l'est et accostez au sud de l'île de Bornéo, vous êtes alors au coeur du plus grand archipel au monde, c'est l'... Indonésie
82%
Allez vers le sud-ouest et traversez la Mer du Nord, vous accostez au..., pays négociant son retrait de l'Union Européenne depuis 2017 Royaume-Uni
82%
Dirigez-vous à l'extrême sud du pays et franchissez la frontière, vous voilà dans l'ancien royaume du Siam, c'est la... Thailande
82%
Traversez le pays en direction du Nord, vous arrivez dans le pays qui a la plus faible densité de population au monde (2 hab/km2), c'est la... Mongolie
81%
Allez à l'est en longeant la côte, vous arrivez dans un pays soumis à de nombreuses attaques terroristes, le... Pakistan
81%
Remontez vers le nord, traversez le Golfe d'Aden et accostez au pays le plus proche, vous voilà au... Yemen
81%
Allez au nord et traversez le Golfe d'Oman, vous accostez dans le pays disposant de la plus grande réserve de gaz naturel, soit l'... Iran
80%
Allez au nord est du pays et passez la frontière, vous arrivez dans un pays dont la capitale est Vientiane, c'est le... Laos
80%
Allez vers l'ouest et franchissez la frontière, vous arrivez en... dont le nom signifie "chemin du Nord" Norvège
80%
Traversez le Golfe de Bothnia, vous accostez en..., dont les deux plus grandes îles sont Gotland et Öland Suède
80%
Allez à l'est en suivant la côte du Golfe du Bengale, vous arrivez aux bouches du Gange et entrez au... Bangladesh
79%
Remontez vers le nord ouest, vous voilà au pays des Khmers, le... Cambodge
79%
Dirigez-vous vers le nord ouest et passez la frontière, vous êtes à présent dans l'un des plus vastes pays de l'union européenne, c'est la... Finlande
79%
Dirigez-vous vers l'est en suivant la côte de la Mer d'Oman, vous arrivez à... Oman
79%
Traversez la Mer de Chine Méridionale en direction du nord-ouest, vous arrivez dans la région de Cochinchine qui fait partie du... Vietnam
79%
Continuez vers le sud, vous arrivez dans le pays qui s'étend jusqu'au nord de Bornéo, c'est la... Malaisie
77%
Suivez toujours la côte vers l'est, vous voici dans le pays dont la capitale est Naypyidaw, c'est le... Myanmar
76%
Continuez vers l'extrême sud, passez le Détroit de Johor, et vous arrivez dans le second port mondial nommé.... Singapour
73%
Remontez vers le nord jusqu'au sultanat de... dont la capitale est Bandar Seri Begawan Brunei
69%
Continuez vers le sud en suivant le Nil Blanc, vous arrivez en... Ouganda
67%
Aucun quiz correspondant
Distribution des résultats
% des personnes avec chaque résultat
Percentile par nombre de réponses
Votre historique - résultats
Vous n’avez pas pris ce quiz